Statistiques concernant Géographie française

Cliquez ici pour prendre le quiz!

Statistiques générales

  • Ce quiz a été pris 166 fois
  • Le résultat moyen est 5 sur 15

Statistiques - réponses

Réponse% Correct
Préfecture de GuyanneCayenne
65%
Villes avec arrondissements en France (du Nord au Sud)Paris Lyon Marseille
60%
Nombre de régions métropolitaines13
59%
Région la plus richeIle de France
53%
Premier partenaire commercial hors UEEtats-Unis
50%
Troisième aéroport de FranceNice
40%
Pays frontaliers en BBelgique Brésil
35%
Plus grande entreprise françaiseTotal
25%
Plus petit départementMayotte
23%
Préfecture de LozèreMendes
18%
Première communauté étrangère en France (2014)Portugais
8%
Dernière colonie française avant l'indépendanceDjibouti
7%
3 plus grands ports de France (ordre décroissant)Le Havre Marseille Dunkerque
6%
Département avec le plus haut taux de chômagePyrénées orientales
2%
6 plus grandes villes de France (ordre décroissant)Paris Lyon Marseille Toulouse Bordeaux Lille
1%

Distribution des résultats

Percentile par nombre de réponses

% des personnes avec chaque résultat

Votre développement - résultats

Vous n’avez pas pris ce quiz